000 01821nam0a2200409 4500
001 RU\NLR\BIBL_A\011395449
005 20250626060348.0
010 _a978-5-699-24064-7
035 _a(NLR Aleph) 011395449
090 _a11476239
_c11476239
100 _a20170529d2008 |||y0rusy50 ca
101 0 _arus
102 _aRU
105 _ay j 000zy
106 _as
200 1 _aМаркетинг
_bЭлектронный ресурс
_eконспект лекций
_f[Егорова М.М., Логинова Е.Ю., Швайко И.Г.]
210 _a[Б. м.]
_cНаучная книга
_d2008
215 _a158, [1] с.
230 _aЭлектрон. дан.
300 _aЗагл. с титул. экрана
325 _aКопия доступна в Электрон. б-ке РНБ http://vivaldi.nlr.ru/bx000033231/view
337 _aРесурс доступен в Электронной библиотеке РНБ
606 1 _aМаркетинг
_jУчебные издания для высших учебных заведений
_91262222
_3RU\NLR\AUTH\66200829
686 1 _aУ5-361.4я73
686 1 _aУ010.63я73
700 1 _aЕгорова
_bМ. М.
_cэкономист
_9174130
_3RU\NLR\AUTH\770174181
701 1 _aЛогинова
_bЕ.Ю.
701 1 _aШвайко
_bИ.Г.
852 0 0 _aNLR
_jЭБ
942 _cBOOK
980 _aNB
981 1 3 _a(13) Документы, защищенные авторским правом
_b(13) Современная научная, научно-популярная и популярная литература